=LDR 00000nam 2200000 4500 =001 INLIS000000000023843 =005 20130612122453 =008 ***********************************Ind** =035 ##$$a0010-061300000023843 =041 ##$$a Ind =082 ##$$a 646.7 =090 ##$$a 646.7, Sur b =100 ##$$a Surjopranoto, Ibu Jen =245 ##$$a Buku petunjuk untuk calon ahli kecantikan, Ibu Jen Suryapranoto =260 ##$$a 1978 $b Jakarta =300 ##$$a 192 hlm, ilus, 21 cm =650 ##$$a Kecantikan =850 ##$$a NBPNMAT =990 ##$$a 92471/BPAP-NTB/2014